O lado pitoresco das auditorias / (Record no. 1163)

MARC details
000 -LÍDER
Campo Fixo de Controle 00550nam a2200193 a 4500
001 - NÚMERO DE CONTROLE
Campo de Controle 1163
003 - IDENTIFICAÇÃO DO NÚMERO DE CONTROLE
Campo de Controle BR-CuiBMT
005 - DATA E HORA DA ÚLTIMA ATUALIZAÇÃO
Campo de Controle 20231130041635.0
008 - DADOS FIXOS
Dados Fixos 231130s2013 mtb 000 h por d
040 ## - AGÊNCIA CATALOGADORA
Código da Agência Catalogadora BR-CuiBMT
Agência que transcreveu o registro BR-CuiBMT
080 ## - Nº DA CLASSIFICAÇÃO DECIMAL UNIVERSAL
Nº edição CDU 2007
Nº Class. CDU 82-341
Subd. Auxiliar Comum (817.2)
090 ## - NÚMERO DE CHAMADA
Nº classificação 82-341(817.2)
Cutter T465l
100 1# - ENTRADA PRINCIPAL -- AUTOR PESSOAL
Nome pessoal Thommen, Reinaldo
245 12 - TÍTULO PRINCIPAL
Título principal O lado pitoresco das auditorias /
Indicação de responsabilidade Reinaldo Thommen.
260 ## - PUBLICAÇÃO, DISTRIBUIÇÃO, ETC.
Local de publicação Cuiabá :
Editora Publicontas,
Data 2013.
300 ## - DESCRIÇÃO FÍSICA
N. páginas ou volumes 160 p. ;
Dimensões 21cm
650 ## - ASSUNTO TÓPICO
Cabeçalho tópico ou nome geográfico Contos cômicos
Subdivisão geral Literatura mato-grossense
942 ## - ELEMENTOS DE ENTRADA ADICIONAIS (KOHA)
Fonte de classificação ou esquema de arquivamento Classificação Decimal Universal
Tipo de item do Koha Livros
Holdings
Estado: removido Estado: perdido Fonte de classificação ou esquema de arquivamento Estado: danificado Indisponível para empréstimo Localização permanente Localização atual Data de aquisição Total Checkouts Número de Chamada completo Código de barras Date last seen Número do exemplar Preço efetivo a partir de Tipo de item (Koha)
    Classificação Decimal Universal     Biblioteca da Escola Superior de Contas do TCE/MT Biblioteca da Escola Superior de Contas do TCE/MT 30/11/2023   82-341(817.2) T465l BIBTCEMT23111359 30/11/2023 Ex. 1 30/11/2023 Livros
    Classificação Decimal Universal     Biblioteca da Escola Superior de Contas do TCE/MT Biblioteca da Escola Superior de Contas do TCE/MT 15/12/2023   82-341(817.2) T465l BIBTCEMT23120584 15/12/2023 Ex. 2 15/12/2023 Livros
    Classificação Decimal Universal     Biblioteca da Escola Superior de Contas do TCE/MT Biblioteca da Escola Superior de Contas do TCE/MT 15/12/2023   82-341(817.2) T465l BIBTCEMT23120585 15/12/2023 Ex. 3 15/12/2023 Livros
    Classificação Decimal Universal     Biblioteca da Escola Superior de Contas do TCE/MT Biblioteca da Escola Superior de Contas do TCE/MT 15/12/2023   82-341(817.2) T465l BIBTCEMT23120586 15/12/2023 Ex. 4 15/12/2023 Livros
    Classificação Decimal Universal     Biblioteca da Escola Superior de Contas do TCE/MT Biblioteca da Escola Superior de Contas do TCE/MT 15/12/2023   82-341(817.2) T465l BIBTCEMT23120587 15/12/2023 Ex. 5 15/12/2023 Livros

Powered by Koha